000 01251nam a2200313 a 4500
999 _c383275
_d383275
003 BLK
005 20250726094739.0
008 200818b bu a|||gr|||| 00| 0 bu d
020 _a978-954-2962-67-0
040 _aBLK
041 _aBUL
_cBUL
080 _aЕмоции, чувства, преживявания. Емпатия
_b159.942
_z159.942
100 _aЛеонис, Хули
_eпърви автор
_91299
139 _aЛеонис, Хули
_bЛ 46
245 _aОчевидната скрита истина за емоциите
_bТайните на Венера
_cХули Леонис
257 _aBGR
260 _9217700
_aСофия
_bАпостроф
_c2019
300 _a256 с.
_bс ил.
_c20 см
380 _a1
500 _aХули Леонис - псевд. на бълг. авт. - Апостроф - търг. марка на Алто комюникейшънс енд пъблишинг
650 7 _9147757
_aАстрология
650 7 _9177703
_aЧувства
852 _aЦб 306024
_bЦб
942 _cKNG
_n0
_s1
_025
944 _aCR
_c2020-08-18
_k30550
_lКети Илиева
944 _aED
_c2021-02-26
_kРенета Константинова
999 _d383275
999 _d383275